[Event "Kilkenny Masters"]
[Site "Kilkenny"]
[Date "2016.11.25"]
[Round "1"]
[White "Van Voorthuijsen, Peewee"]
[Black "Adams, Michael"]
[Result "0-1"]
[WhiteElo "2181"]
[BlackElo "2744"]
[PlyCount "60"]
[EventDate "2016.11.25"]
[EventType "swiss"]
[EventRounds "6"]
[EventCountry "IRL"]
[SourceTitle "EXT 2018"]
[Source "ChessBase"]
[SourceDate "2017.10.13"]
[SourceVersion "1"]
[SourceVersionDate "2017.10.13"]
[SourceQuality "1"]

1. d4 Nf6 2. c4 e6 3. g3 d5 4. Nf3 Bb4+ 5. Bd2 Bd6 6. Bg2 0-0 7. 0-0 dxc4 8. Na3 Bxa3 9. bxa3 Bd7 10. Qc2 Bc6 11. Bg5 Nbd7 12. Rfe1 h6 13. Bxf6 Nxf6 14. e4 b5 15. Rad1 Bb7 16. d5 exd5 17. e5 Nd7 18. Nd4 Nc5 19. e6 Qf6 20. Nxb5 fxe6 21. Nxc7 Rac8 22. Nb5 Bc6 23. Rb1 Nd3 24. Rf1 Bxb5 25. Rxb5 Rb8 26. Rxb8 Rxb8 27. Qe2 Qe5 28. Qc2 Kh7 29. h4 Rb2 30. Qa4 Nxf2 0-1

[Event "Kiel op-A 27th"]
[Site "Kiel"]
[Date "2014.08.06"]
[Round "7"]
[White "Uksini, Bardhyl"]
[Black "Van Voorthuijsen, Peewee"]
[Result "1/2-1/2"]
[WhiteElo "2063"]
[BlackElo "2206"]
[PlyCount "43"]
[EventDate "2014.08.02"]
[EventType "swiss"]
[EventRounds "9"]
[EventCountry "GER"]
[SourceTitle "CBM 161 Extra"]
[Source "ChessBase"]
[SourceDate "2014.08.29"]
[SourceVersion "1"]
[SourceVersionDate "2014.08.29"]
[SourceQuality "1"]

1. d4 Nf6 2. c4 e6 3. Nf3 d5 4. cxd5 exd5 5. Nc3 c6 6. Bg5 Be7 7. Qc2 Nbd7 8. e3 Nh5 9. Bxe7 Qxe7 10. Be2 g6 11. h3 Ng7 12. Bd3 Nb6 13. 0-0 f5 14. Ne5 0-0 15. Rae1 Ne6 16. a3 Nd7 17. f4 Nxe5 18. fxe5 Bd7 19. Ne2 c5 20. Nf4 Nxf4 21. Rxf4 Rac8 22. Qd2 1/2-1/2

[Event "Kiel op-A 27th"]
[Site "Kiel"]
[Date "2014.08.05"]
[Round "6"]
[White "Van Voorthuijsen, Peewee"]
[Black "Rulofs, Henrik"]
[Result "1/2-1/2"]
[WhiteElo "2206"]
[BlackElo "1776"]
[PlyCount "78"]
[EventDate "2014.08.02"]
[EventType "swiss"]
[EventRounds "9"]
[EventCountry "GER"]
[SourceTitle "CBM 161 Extra"]
[Source "ChessBase"]
[SourceDate "2014.08.29"]
[SourceVersion "1"]
[SourceVersionDate "2014.08.29"]
[SourceQuality "1"]

1. d4 Nf6 2. Nf3 e6 3. c4 c5 4. d5 exd5 5. cxd5 d6 6. g3 g6 7. Nc3 Bg7 8. Bg2 0-0 9. 0-0 Na6 10. h3 Nc7 11. a4 Re8 12. Bf4 h6 13. Nh2 Nh5 14. Bd2 a6 15. Qc2 Bd7 16. e4 b5 17. axb5 axb5 18. Rxa8 Qxa8 19. Ng4 b4 20. Nd1 Bxg4 21. hxg4 Nf6 22. Bxb4 Nxg4 23. Bc3 Ne5 24. f4 Nd7 25. e5 Qa6 26. e6 Nf6 27. Re1 Kf8 28. Ne3 Qa2 29. f5 g5 30. Qe2 Ncxd5 31. Nxd5 Nxd5 32. Bxg7+ Kxg7 33. Qh5 Re7 34. Bxd5 Qxd5 35. f6+ Kxf6 36. Qxh6+ Kf5 37. Qh7+ Kf6 38. Qh6+ Kf5 39. Qh7+ Kf6 1/2-1/2

[Event "Kiel op-A 27th"]
[Site "Kiel"]
[Date "2014.08.03"]
[Round "3"]
[White "Schramm, Bernd"]
[Black "Van Voorthuijsen, Peewee"]
[Result "1/2-1/2"]
[WhiteElo "2024"]
[BlackElo "2206"]
[PlyCount "43"]
[EventDate "2014.08.02"]
[EventType "swiss"]
[EventRounds "9"]
[EventCountry "GER"]
[SourceTitle "CBM 161 Extra"]
[Source "ChessBase"]
[SourceDate "2014.08.29"]
[SourceVersion "1"]
[SourceVersionDate "2014.08.29"]
[SourceQuality "1"]

1. e4 c5 2. Nf3 d6 3. c3 Nf6 4. Bb5+ Bd7 5. Bxd7+ Qxd7 6. d3 Nc6 7. 0-0 e6 8. Qe2 Be7 9. d4 cxd4 10. cxd4 d5 11. e5 Ne4 12. Be3 0-0 13. Rc1 Rac8 14. Nc3 Nxc3 15. Rxc3 Nb4 16. Rxc8 Rxc8 17. a3 Nc2 18. Rc1 Nxe3 19. Qxe3 Rc6 20. Rxc6 Qxc6 21. Ne1 h6 22. g3 1/2-1/2